[Event "Main Vogelsberg op 16th"]
[Site "Waechtersbach"]
[Date "2022.10.02"]
[Round "4"]
[White "Spelleken, Mark"]
[Black "Lenhardt, Manfred"]
[Result "0-1"]
[WhiteElo "1583"]
[BlackElo "1971"]
[PlyCount "74"]
[EventDate "2022.09.30"]
[EventType "swiss"]
[EventRounds "7"]
[EventCountry "GER"]
[SourceTitle "CBM 210 Extra"]
[Source "ChessBase"]
[SourceDate "2022.11.30"]
[SourceVersion "1"]
[SourceVersionDate "2022.11.30"]
[SourceQuality "1"]

1. d4 Nf6 2. Nf3 e6 3. Bg5 d5 4. e3 Be7 5. c4 h6 6. Bxf6 Bxf6 7. Nc3 0-0 8. cxd5 exd5 9. Bd3 Be6 10. Qb3 b6 11. Qd1 c5 12. b3 Nc6 13. Bb5 Qd6 14. Rc1 Rac8 15. Ba6 Rcd8 16. Bb5 cxd4 17. exd4 Bg4 18. Bxc6 Qxc6 19. Ne2 Qd6 20. Qd3 Qb4+ 21. Qc3 Qb5 22. a4 Qa6 23. h3 Rfe8 24. Rc2 Rc8 25. Qb2 Rxc2 26. Qxc2 Bf5 27. Qd1 Bd3 28. Nfg1 Bxd4 29. Qd2 Bxe2 30. Qxd4 Bc4+ 31. Kd2 Bxb3 32. Qg4 Qa5+ 33. Kd3 Bc4+ 34. Kc2 Qxa4+ 35. Kd2 Qa2+ 36. Kd1 Bb3+ 37. Kc1 Qc2# 0-1